[Event "Basel Hilton op 13th"]
[Site "Basel"]
[Date "2011.01.04"]
[Round "6"]
[White "Speck, Hans"]
[Black "Seitz, Benjamin"]
[Result "0-1"]
[WhiteElo "2050"]
[BlackElo "2084"]
[PlyCount "122"]
[EventDate "2011.01.01"]
[EventType "swiss"]
[EventRounds "7"]
[EventCountry "SUI"]
[SourceTitle "EXT 2012"]
[Source "ChessBase"]
[SourceDate "2011.11.24"]
[SourceVersion "1"]
[SourceVersionDate "2011.11.24"]
[SourceQuality "1"]

1. e4 c5 2. Nf3 e6 3. d4 cxd4 4. Nxd4 Qb6 5. Nb3 Qc7 6. g3 a6 7. Bg2 b5 8. 0-0 Bb7 9. Bf4 d6 10. e5 Bxg2 11. Kxg2 d5 12. Re1 Ne7 13. a4 b4 14. Nd4 Nbc6 15. Nxc6 Qxc6 16. Nd2 Ng6 17. Nf3 Nxf4+ 18. gxf4 Rc8 19. Nd4 Qd7 20. f5 Bc5 21. fxe6 fxe6 22. Qh5+ g6 23. Qg4 Bxd4 24. Qxd4 0-0 25. Qd3 Qc6 26. Re2 Rf4 27. f3 Qc4 28. Rd1 Rd4 29. Qxc4 Rcxc4 30. Rxd4 Rxd4 31. b3 g5 32. Kf2 Kf7 33. Ke3 Rh4 34. Rg2 Kg6 35. Rg4 Rxh2 36. Rxb4 Rxc2 37. Rb6 Kf5 38. Rxa6 Rc3+ 39. Kf2 Rxb3 40. Ra8 h5 41. a5 g4 42. fxg4+ hxg4 43. a6 Kxe5 44. a7 Ra3 45. Kg2 Kd4 46. Re8 Rxa7 47. Rxe6 Ra3 48. Kf2 Rf3+ 49. Ke2 Rh3 50. Rg6 Rh2+ 51. Kf1 Kc3 52. Rxg4 d4 53. Rg8 d3 54. Rc8+ Kd2 55. Ra8 Rh7 56. Rf8 Kd1 57. Rf3 d2 58. Rf8 Rc7 59. Ra8 Kc1 60. Ra1+ Kb2 61. Rd1 Kc2 0-1

[Event "Basel Hilton op 12th"]
[Site "Basel"]
[Date "2010.01.04"]
[Round "6"]
[White "Speck, Hans"]
[Black "Perman, Torvald"]
[Result "1/2-1/2"]
[WhiteElo "2057"]
[BlackElo "2055"]
[PlyCount "32"]
[EventDate "2010.01.01"]
[EventType "swiss"]
[EventRounds "7"]
[EventCountry "SUI"]
[SourceTitle "CBM 134 Extra"]
[Source "ChessBase"]
[SourceDate "2010.03.03"]
[SourceVersion "1"]
[SourceVersionDate "2010.03.03"]
[SourceQuality "1"]

1. e4 c5 2. Nf3 e6 3. d4 cxd4 4. Nxd4 a6 5. Nc3 Qc7 6. Be2 b5 7. Bf3 Bb7 8. 0-0 d6 9. a3 Nf6 10. Re1 Nbd7 11. Bg5 Be7 12. Bxf6 Nxf6 13. e5 dxe5 14. Bxb7 Qxb7 15. Rxe5 Rd8 16. Qf3 Qxf3 1/2-1/2

[Event "Basel Hilton op 12th"]
[Site "Basel"]
[Date "2010.01.03"]
[Round "4"]
[White "Meyer, Bernhard"]
[Black "Speck, Hans"]
[Result "1-0"]
[WhiteElo "2144"]
[BlackElo "2057"]
[PlyCount "135"]
[EventDate "2010.01.01"]
[EventType "swiss"]
[EventRounds "7"]
[EventCountry "SUI"]
[SourceTitle "CBM 134 Extra"]
[Source "ChessBase"]
[SourceDate "2010.03.03"]
[SourceVersion "1"]
[SourceVersionDate "2010.03.03"]
[SourceQuality "1"]

1. c4 e6 2. Qc2 d5 3. e3 f5 4. cxd5 exd5 5. Bd3 Qd7 6. Nc3 Nc6 7. a3 Ne5 8. Be2 Nf6 9. Nf3 Nxf3+ 10. gxf3 c6 11. b4 Bd6 12. Bb2 0-0 13. Bd3 a5 14. Na4 Qc7 15. b5 cxb5 16. Qxc7 Bxc7 17. Bxb5 Bd7 18. Bxd7 Nxd7 19. f4 Rfe8 20. Rg1 g6 21. Kd1 Ra6 22. Bd4 Kf7 23. Rb1 b6 24. Nc3 Ke6 25. Rb5 Nc5 26. a4 Kd6 27. Kc2 Kc6 28. Rgb1 h6 29. Rg1 Re6 30. Rbb1 Ra8 31. Rg2 Rg8 32. Rbg1 Bd8 33. Be5 Kb7 34. Nb5 Rc6 35. Nd4 Rc8 36. Rxg6 Nxa4+ 37. Kb1 Rxg6 38. Rxg6 Nc5 39. Nxf5 Ka6 40. Bc3 Ne4 41. Kb2 Nxf2 42. Rg8 b5 43. Ne7 Rc7 44. Rxd8 b4 45. Nxd5 bxc3+ 46. Nxc3 Rc6 47. Ra8+ Kb6 48. Rb8+ Kc7 49. Ra8 Nd3+ 50. Kc2 Nb4+ 51. Kd1 Rg6 52. Ne4 Rg1+ 53. Ke2 Rg2+ 54. Kf3 Rxh2 55. Rxa5 Nd3 56. Ra1 h5 57. Kg3 Re2 58. Rh1 Ne1 59. Rh2 h4+ 60. Kh3 Nf3 61. Rxe2 Ng1+ 62. Kxh4 Nxe2 63. f5 Kd7 64. Kg5 Ng1 65. Kg6 Nf3 66. Kg7 Ne5 67. f6 Ke6 68. Ng5+ 1-0

[Event "Basel Hilton op 12th"]
[Site "Basel"]
[Date "2010.01.03"]
[Round "5"]
[White "Schaub, Marc"]
[Black "Speck, Hans"]
[Result "1-0"]
[WhiteElo "1933"]
[BlackElo "2057"]
[PlyCount "120"]
[EventDate "2010.01.01"]
[EventType "swiss"]
[EventRounds "7"]
[EventCountry "SUI"]
[SourceTitle "CBM 134 Extra"]
[Source "ChessBase"]
[SourceDate "2010.03.03"]
[SourceVersion "1"]
[SourceVersionDate "2010.03.03"]
[SourceQuality "1"]

1. e4 Nf6 2. e5 Nd5 3. c4 Nb6 4. d4 d6 5. exd6 exd6 6. Nc3 Be7 7. Be3 Nc6 8. Rc1 0-0 9. Be2 Bf5 10. Nf3 d5 11. c5 Nc4 12. Nxd5 Nxe3 13. Nxe7+ Qxe7 14. fxe3 Qxe3 15. Rc3 Qf4 16. 0-0 Rad8 17. Kh1 Bg4 18. Rd3 Rfe8 19. h3 Qh6 20. Kg1 Bxf3 21. Bxf3 Nxd4 22. Kh1 Qh4 23. Bxb7 Ne2 24. Qb3 Nf4 25. Rdf3 g5 26. Rg3 h5 27. Kh2 Re6 28. Qa4 Ng6 29. Qxh4 gxh4 30. Rg5 Rd2 31. Bd5 Rxd5 32. Rxd5 Re2 33. Rd8+ Kg7 34. Rd7 Ne5 35. Rxc7 Rxb2 36. Rf5 Re2 37. Rxa7 Kg6 38. Rf1 Rc2 39. Ra6+ Kg5 40. c6 f5 41. Ra5 Kf6 42. Ra6 Nxc6 43. Rb6 Kg5 44. Rb5 Nd4 45. Rd5 Rc4 46. Rd1 Ne2 47. R1d2 Ng3 48. R2d4 Rc1 49. Rd1 Rc4 50. Ra5 Rc2 51. a4 Ra2 52. Ra8 Kf4 53. Re1 Ra3 54. a5 Ra2 55. a6 Ra5 56. a7 Ra3 57. Rc1 Ra4 58. Rb1 Ne4 59. Rf1+ Ke3 60. Kg1 f4 1-0

[Event "Zuerich op-A 30th"]
[Site "Zuerich"]
[Date "2006.12.29"]
[Round "6"]
[White "Kopasov, Alexander"]
[Black "Speck, Hans"]
[Result "1-0"]
[WhiteElo "2071"]
[BlackElo "2097"]
[PlyCount "109"]
[EventDate "2006.12.26"]
[EventType "swiss"]
[EventRounds "7"]
[EventCountry "SUI"]
[SourceTitle "CBM 116 Extra"]
[Source "ChessBase"]
[SourceDate "2007.03.07"]
[SourceVersion "1"]
[SourceVersionDate "2007.03.07"]
[SourceQuality "1"]

1. d4 f5 2. g3 e6 3. Bg2 d5 4. Nf3 Nf6 5. 0-0 Bd6 6. c4 c6 7. b3 Qe7 8. Bb2 b6 9. Qc1 Bb7 10. Ba3 Nbd7 11. Bxd6 Qxd6 12. Qb2 0-0 13. Rd1 dxc4 14. bxc4 e5 15. c5 Nxc5 16. Nxe5 Kh8 17. Na3 Ncd7 18. Rac1 Nd5 19. Nac4 Qe6 20. Na5 Nxe5 21. dxe5 bxa5 22. Qxb7 Qxe5 23. Qxc6 Nb6 24. Qc5 Rae8 25. Qxe5 Rxe5 26. e3 a4 27. Rc7 Ra5 28. Rdc1 h6 29. R1c5 Rxc5 30. Rxc5 Rf7 31. Ra5 g6 32. Bc6 Rc7 33. Bxa4 Nxa4 34. Rxa4 h5 35. h4 Kg7 36. Ra6 Rd7 37. Kg2 Kh6 38. Kf3 Rc7 39. a3 Re7 40. Ke2 Rd7 41. f3 Kg7 42. e4 Re7 43. Ke3 fxe4 44. fxe4 Kf7 45. Kf4 Kg7 46. e5 Kf7 47. Ke4 Rb7 48. Kd5 Rb3 49. Rxa7+ Kf8 50. Ke6 Rxg3 51. Kf6 Ke8 52. Ra8+ Kd7 53. e6+ Kd6 54. Rd8+ Kc7 55. e7 1-0

[Event "Liechtenstein op 22nd"]
[Site "Triesen"]
[Date "2004.05.18"]
[Round "5"]
[White "Dittmar, Peter"]
[Black "Speck, Hans"]
[Result "1-0"]
[WhiteElo "2353"]
[BlackElo "2147"]
[PlyCount "111"]
[EventDate "2004.05.14"]
[EventType "swiss"]
[EventRounds "9"]
[EventCountry "LIE"]
[SourceTitle "CBM 100 Extra"]
[Source "ChessBase"]
[SourceDate "2004.07.06"]
[SourceVersion "2"]
[SourceVersionDate "2004.07.06"]
[SourceQuality "1"]

1. c4 f5 2. g3 Nf6 3. Bg2 e6 4. Nf3 d5 5. 0-0 Bd6 6. d3 c6 7. Nc3 Bc7 8. cxd5 exd5 9. e4 fxe4 10. dxe4 dxe4 11. Qxd8+ Bxd8 12. Ng5 0-0 13. Ngxe4 Nxe4 14. Nxe4 Bb6 15. Bf4 Bd4 16. Bd6 Rf7 17. Ba3 Bg4 18. h3 Bf3 19. Bxf3 Rxf3 20. Rad1 Bb6 21. Rfe1 Na6 22. Rd7 Nc7 23. Kg2 Rf5 24. Bd6 Nd5 25. Rxb7 Re8 26. Rb8 Rxb8 27. Bxb8 Nb4 28. g4 Rf7 29. Bd6 Nd3 30. Re2 h6 31. Bg3 Nf4+ 32. Bxf4 Rxf4 33. f3 Rf7 34. Rc2 Bd4 35. b3 Rc7 36. Rc4 Bb6 37. f4 Re7 38. Kf3 Rd7 39. Ke2 Re7 40. f5 Re5 41. Kf3 Ra5 42. Nc3 Re5 43. Re4 Rc5 44. Na4 Rc2 45. Nxb6 axb6 46. Rc4 Rxa2 47. Rxc6 b5 48. Rb6 Ra5 49. Kg3 h5 50. Kh4 hxg4 51. hxg4 Kf7 52. Kg5 Ra7 53. Rxb5 g6 54. Rb6 gxf5 55. gxf5 Kg7 56. b4 1-0

[Event "Liechtenstein op 22nd"]
[Site "Triesen"]
[Date "2004.05.16"]
[Round "3"]
[White "Speck, Hans"]
[Black "Siebrecht, Sebastian"]
[Result "0-1"]
[WhiteElo "2147"]
[BlackElo "2369"]
[PlyCount "68"]
[EventDate "2004.05.14"]
[EventType "swiss"]
[EventRounds "9"]
[EventCountry "LIE"]
[SourceTitle "CBM 100 Extra"]
[Source "ChessBase"]
[SourceDate "2004.07.06"]
[SourceVersion "2"]
[SourceVersionDate "2004.07.06"]
[SourceQuality "1"]

1. e4 c5 2. Nf3 e6 3. d4 cxd4 4. Nxd4 a6 5. c4 Nf6 6. Nc3 Bb4 7. Bd3 Qc7 8. 0-0 Nc6 9. Nde2 Ne5 10. Bf4 Bd6 11. Bxe5 Bxe5 12. f4 Bd6 13. e5 Bc5+ 14. Kh1 Ng4 15. Qe1 d6 16. Qg3 h5 17. exd6 Qxd6 18. Ne4 Qc7 19. Nxc5 Qxc5 20. Nc3 f5 21. Rae1 Bd7 22. b4 Qxb4 23. Bxf5 0-0-0 24. Bxe6 Bxe6 25. Rxe6 Qxc4 26. Qe1 Rd3 27. Re8+ Rxe8 28. Qxe8+ Kc7 29. Ne4 Qxe4 30. Rc1+ Kb6 31. Qxh5 Nf2+ 32. Kg1 Qe3 33. Rb1+ Ka7 34. Kf1 Ne4 0-1

[Event "Winterthur op"]
[Site "Winterthur"]
[Date "2003.10.11"]
[Round "9"]
[White "Speck, Hans"]
[Black "Goreskul, Alyona"]
[Result "1/2-1/2"]
[WhiteElo "2141"]
[BlackElo "2274"]
[PlyCount "128"]
[EventDate "2003.10.03"]
[EventType "swiss"]
[EventRounds "9"]
[EventCountry "SUI"]
[SourceTitle "CBM 096 Extra"]
[Source "ChessBase"]
[SourceDate "2003.10.22"]
[SourceVersion "2"]
[SourceVersionDate "2003.10.20"]
[SourceQuality "1"]

1. e4 e5 2. Nf3 Nf6 3. Nc3 Nc6 4. Bb5 Nd4 5. Bd3 Nxf3+ 6. Qxf3 d6 7. h3 Be6 8. Nd5 Nd7 9. c3 c6 10. Ne3 Nb6 11. a4 a5 12. Bc2 d5 13. exd5 Nxd5 14. 0-0 g6 15. Ng4 Bg7 16. Re1 Bxg4 17. hxg4 0-0 18. Be4 Nc7 19. d3 Ne6 20. Be3 Qf6 21. Qxf6 Bxf6 22. g3 Bg5 23. Kg2 Bxe3 24. fxe3 Nc5 25. Red1 Rfd8 26. Kf3 Rd6 27. g5 h6 28. d4 exd4 29. Rxd4 Rxd4 30. exd4 Nxe4 31. Kxe4 hxg5 32. g4 Re8+ 33. Kf3 Kg7 34. b4 axb4 35. cxb4 f5 36. b5 cxb5 37. Rb1 bxa4 38. Rxb7+ Kf6 39. Ra7 fxg4+ 40. Kf2 Kf5 41. Rxa4 Re4 42. Ra8 g3+ 43. Kxg3 Re3+ 44. Kf2 Rd3 45. Kg2 Kg4 46. Ra2 Rxd4 47. Rb2 Kh4 48. Ra2 g4 49. Rb2 g5 50. Ra2 g3 51. Rb2 Rf4 52. Rb8 Rf2+ 53. Kg1 Re2 54. Ra8 Kg4 55. Rb8 g2 56. Ra8 Kh4 57. Rb8 g4 58. Ra8 Rc2 59. Rb8 Rc1+ 60. Kxg2 Rc2+ 61. Kg1 Kh3 62. Rb3+ g3 63. Rb1 Rg2+ 64. Kh1 Re2 1/2-1/2

[Event "Liechtenstein op 21st"]
[Site "Vaduz"]
[Date "2003.05.24"]
[Round "2"]
[White "Speck, Hans"]
[Black "Margolin, Boris"]
[Result "0-1"]
[WhiteElo "2137"]
[BlackElo "2410"]
[PlyCount "96"]
[EventDate "2003.05.23"]
[EventType "swiss"]
[EventRounds "5"]
[EventCountry "LIE"]
[SourceTitle "CBM 094 Extra"]
[Source "ChessBase"]
[SourceDate "2003.07.09"]
[SourceVersion "2"]
[SourceVersionDate "2003.07.09"]
[SourceQuality "1"]

1. e4 c6 2. d4 d5 3. exd5 cxd5 4. Bd3 Nc6 5. c3 g6 6. Bf4 Bg7 7. Nd2 Nh6 8. Ngf3 0-0 9. 0-0 f6 10. Re1 Nf7 11. Bb5 a6 12. Bxc6 bxc6 13. Qa4 Bd7 14. Re3 Re8 15. Rae1 g5 16. Bg3 f5 17. Be5 f4 18. R3e2 g4 19. Nh4 c5 20. Qa3 Nxe5 21. Rxe5 e6 22. g3 Rf8 23. Ng2 cxd4 24. Nxf4 dxc3 25. bxc3 Bxe5 26. Rxe5 Rc8 27. Nxe6 Bxe6 28. Rxe6 Qg5 29. Re2 Rc6 30. Qb3 Kh8 31. Qb4 Qf6 32. Qxg4 Rxc3 33. Nb3 Rd3 34. Rc2 Rf3 35. Rc8 Rd3 36. Rxf8+ Qxf8 37. Qe2 Rf3 38. Qe5+ Qf6 39. Qxd5 Rxf2 40. Qa8+ Qf8 41. Qxa6 Rb2 42. Qf1 Qh6 43. h4 Qe3+ 44. Kh1 Qe4+ 45. Kg1 Rb1 46. Nc1 Qe3+ 47. Kh2 Rb2+ 48. Kh3 Rf2 0-1

[Event "Winterthur op2"]
[Site "Winterthur"]
[Date "2002.10.19"]
[Round "9"]
[White "Speck, Hans"]
[Black "Kamber, Bruno"]
[Result "0-1"]
[WhiteElo "2086"]
[BlackElo "2332"]
[PlyCount "94"]
[EventDate "2002.10.11"]
[EventType "swiss"]
[EventRounds "9"]
[EventCountry "SUI"]
[SourceTitle "EXT 2004"]
[Source "ChessBase"]
[SourceDate "2003.11.25"]
[SourceVersion "1"]
[SourceVersionDate "2003.11.25"]
[SourceQuality "1"]

1. e4 c5 2. Nf3 e6 3. d4 cxd4 4. Nxd4 Nc6 5. Be3 Nf6 6. Bd3 Qc7 7. 0-0 a6 8. Nd2 Ne5 9. Be2 Bc5 10. Kh1 d6 11. f4 Ng6 12. c3 0-0 13. Nc2 Bd7 14. Bd3 Rfe8 15. Nb3 Bxe3 16. Nxe3 Bc6 17. Qc2 e5 18. f5 Nf4 19. Nd2 Rad8 20. Rae1 b5 21. g3 Nxd3 22. Qxd3 Qb7 23. Ng2 d5 24. Qe3 dxe4 25. h3 Rd3 26. Qe2 Rxg3 27. Kh2 Rd3 28. Nb3 Qe7 29. Ne3 Kh8 30. Rg1 Rg8 31. Rg3 Nd5 32. Nxd5 Rxd5 33. Qh5 Rd6 34. Reg1 Qf6 35. h4 Rd3 36. R3g2 g6 37. Rg4 Rf3 38. fxg6 Rxg6 39. Rxg6 fxg6 40. Qg5 Qf4+ 41. Qxf4 exf4 42. Nd4 Rf2+ 43. Rg2 Rxg2+ 44. Kxg2 Bd5 45. Kf2 Kg7 46. Ne2 e3+ 47. Ke1 f3 0-1

[Event "Biel MTO op"]
[Site "Biel"]
[Date "2002.08.01"]
[Round "10"]
[White "Speck, Hans"]
[Black "Masserey, Yvan"]
[Result "0-1"]
[WhiteElo "2086"]
[BlackElo "2327"]
[PlyCount "76"]
[EventDate "2002.07.22"]
[EventType "swiss"]
[EventRounds "11"]
[EventCountry "SUI"]
[SourceTitle "EXT 2003"]
[Source "ChessBase"]
[SourceDate "2002.11.25"]
[SourceVersion "1"]
[SourceVersionDate "2002.11.25"]
[SourceQuality "1"]

1. e4 c5 2. Nf3 e6 3. d4 cxd4 4. Nxd4 Nf6 5. Bd3 Nc6 6. Be3 d5 7. Nd2 e5 8. Nxc6 bxc6 9. exd5 Nxd5 10. Qh5 Qc7 11. Nc4 Nxe3 12. fxe3 e4 13. Bxe4 Be6 14. Qe5 0-0-0 15. Qxc7+ Kxc7 16. Nd2 Bc5 17. Ke2 Rhe8 18. Bf3 Bd5 19. e4 f5 20. c4 Bf7 21. b3 fxe4 22. Bg4 Bg6 23. Rad1 e3 24. Nf3 Bc2 25. Rxd8 Rxd8 26. Ng5 Rd2+ 27. Kf3 Rf2+ 28. Kg3 Bd6+ 29. Kh3 e2 30. Re1 Bd3 31. Ne6+ Kb6 32. Bxe2 Rxe2 33. Rxe2 Bxe2 34. Nxg7 Kc5 35. Nf5 Bf8 36. Kg3 Bd3 37. Ne3 Bb1 38. a3 Kd4 0-1

[Event "Basel Hilton op 03rd"]
[Site "Basel"]
[Date "2001.01.04"]
[Round "4"]
[White "Partos, Charles"]
[Black "Speck, Hans"]
[Result "1-0"]
[WhiteElo "2386"]
[BlackElo "2112"]
[PlyCount "59"]
[EventDate "2001.01.01"]
[EventType "swiss"]
[EventRounds "7"]
[EventCountry "SUI"]
[SourceTitle "CBM 080 Extra"]
[Source "ChessBase"]
[SourceDate "2001.03.08"]
[SourceVersion "1"]
[SourceVersionDate "2001.03.08"]
[SourceQuality "1"]

1. Nf3 f5 2. d3 d5 3. g3 Nf6 4. Bg2 e6 5. 0-0 Be7 6. c4 0-0 7. Nbd2 c6 8. Qc2 b6 9. Rb1 a5 10. b3 Bb7 11. e4 Na6 12. a3 fxe4 13. dxe4 c5 14. Ng5 Qd6 15. exd5 exd5 16. cxd5 Bxd5 17. Nc4 Qc6 18. Bxd5+ Qxd5 19. Nxb6 Qb7 20. Qc4+ Kh8 21. Nxa8 Qxa8 22. Re1 Nd5 23. Ne6 Rg8 24. Bb2 Bf6 25. Bxf6 Nxf6 26. Rbd1 Re8 27. Ng5 Rxe1+ 28. Rxe1 h6 29. Nf7+ Kh7 30. Qd3+ 1-0

[Event "Basel Hilton op 02nd"]
[Site "Basel"]
[Date "2000.01.04"]
[Round "6"]
[White "Speck, Hans"]
[Black "Schweizer, Robert"]
[Result "1-0"]
[WhiteElo "2131"]
[BlackElo "2007"]
[PlyCount "75"]
[EventDate "2000.01.01"]
[EventType "swiss"]
[EventRounds "7"]
[EventCountry "SUI"]
[SourceTitle "CBM 074 Extra"]
[Source "ChessBase"]
[SourceDate "2000.03.10"]
[SourceVersion "2"]
[SourceVersionDate "2000.03.10"]
[SourceQuality "1"]

1. e4 c5 2. Nf3 Nc6 3. d4 cxd4 4. Nxd4 Nf6 5. Nc3 d6 6. Be2 e5 7. Nb3 Be6 8. 0-0 Be7 9. Be3 0-0 10. Kh1 d5 11. exd5 Nxd5 12. Nxd5 Bxd5 13. c4 Be6 14. Nc5 Bf5 15. Bf3 Qc7 16. a3 Rad8 17. Bd5 Na5 18. Qf3 Bc8 19. b4 b6 20. Nd3 Nxc4 21. Bxc4 Qxc4 22. Nxe5 Qh4 23. Bf4 Bd6 24. Bg3 Qg5 25. Rfe1 Rde8 26. Nc4 Bxg3 27. fxg3 Rxe1+ 28. Rxe1 Be6 29. Ne5 h6 30. h4 Qd2 31. Rd1 Qb2 32. Nc6 Bb3 33. Rd3 Bc4 34. Ne7+ Kh8 35. Ng6+ Kg8 36. Nxf8 Kxf8 37. Qa8+ Ke7 38. Qd8+ 1-0

[Event "Baden Casino op 5th"]
[Site "Baden"]
[Date "2000.??.??"]
[Round "2"]
[White "Nemet, Ivan"]
[Black "Speck, Hans"]
[Result "1-0"]
[WhiteElo "2422"]
[BlackElo "2131"]
[PlyCount "51"]
[EventDate "2000.04.??"]
[EventType "swiss"]
[EventRounds "9"]
[EventCountry "SUI"]
[SourceTitle "EXT 2001"]
[Source "ChessBase"]
[SourceDate "2000.11.22"]
[SourceVersion "1"]
[SourceVersionDate "2000.11.22"]
[SourceQuality "1"]

1. d4 d5 2. Nf3 e6 3. c4 f5 4. h3 Nf6 5. g4 Bb4+ 6. Bd2 Bxd2+ 7. Nbxd2 Nc6 8. e3 Qe7 9. cxd5 exd5 10. Bb5 f4 11. Ne5 fxe3 12. fxe3 0-0 13. Bxc6 bxc6 14. 0-0 Ba6 15. Rf4 Ne4 16. Nxe4 Rxf4 17. exf4 dxe4 18. Qb3+ Kf8 19. Rc1 Rd8 20. Nxc6 Qd6 21. Nxd8 Qxd4+ 22. Kh1 Qxd8 23. Qa3+ Qd6 24. Rxc7 Qxa3 25. bxa3 e3 26. Kg2 1-0

[Event "Zuerich op-A 23th"]
[Site "Zuerich"]
[Date "1999.12.26"]
[Round "1"]
[White "Bucher, Denis"]
[Black "Speck, Hans"]
[Result "1-0"]
[WhiteElo "2329"]
[BlackElo "2140"]
[PlyCount "81"]
[EventDate "1999.12.26"]
[EventType "swiss"]
[EventRounds "7"]
[EventCountry "SUI"]
[SourceTitle "CBM 073 Extra"]
[Source "ChessBase"]
[SourceDate "2000.01.11"]
[SourceVersion "1"]
[SourceVersionDate "2000.01.11"]
[SourceQuality "1"]

1. e4 Nf6 2. e5 Nd5 3. d4 d6 4. Nf3 Bg4 5. Be2 e6 6. h3 Bh5 7. 0-0 Be7 8. c4 Nb6 9. Nc3 0-0 10. Be3 Nc6 11. exd6 cxd6 12. b3 d5 13. c5 Bxf3 14. Bxf3 Nc8 15. Rb1 a5 16. a3 Bf6 17. b4 axb4 18. axb4 N8e7 19. g4 Ng6 20. Bg2 Nh4 21. Bh1 h6 22. Rb3 Qb8 23. Qd3 b6 24. Rfb1 Rd8 25. b5 Na5 26. Rb4 Nc4 27. Rxc4 dxc4 28. Qxc4 Ra3 29. Qb4 Rxc3 30. Qxc3 bxc5 31. Qxc5 Ng6 32. b6 Nf4 33. Qc7 Ne2+ 34. Kf1 Nxd4 35. Qxb8 Rxb8 36. b7 Be5 37. f4 Nc2 38. Ba7 Bxf4 39. Bxb8 Bxb8 40. Rc1 Ne3+ 41. Ke2 1-0

[Event "Baden Casino op 4th"]
[Site "Baden"]
[Date "1999.04.10"]
[Round "9"]
[White "Speck, Hans"]
[Black "Kuhn, Thomas"]
[Result "1/2-1/2"]
[WhiteElo "2129"]
[BlackElo "2298"]
[PlyCount "27"]
[EventDate "1999.04.??"]
[EventType "swiss"]
[EventRounds "9"]
[EventCountry "SUI"]
[SourceTitle "EXT 2000"]
[Source "ChessBase"]
[SourceDate "1999.11.16"]
[SourceVersion "1"]
[SourceVersionDate "1999.11.16"]
[SourceQuality "1"]

1. e4 c6 2. d4 d5 3. Nc3 dxe4 4. Nxe4 Nd7 5. Nf3 Ngf6 6. Nxf6+ Nxf6 7. Bc4 Bf5 8. 0-0 e6 9. c3 Bg4 10. h3 Bxf3 11. Qxf3 Be7 12. Bg5 Nd5 13. Bxe7 Qxe7 14. Rfe1 1/2-1/2

[Event "Nagler Memorial op"]
[Site "Zuerich"]
[Date "1998.08.14"]
[Round "7"]
[White "Speck, Hans"]
[Black "Meier, Franz"]
[Result "1-0"]
[WhiteElo "2140"]
[BlackElo "1887"]
[PlyCount "41"]
[EventDate "1998.08.08"]
[EventType "swiss"]
[EventRounds "9"]
[EventCountry "SUI"]
[SourceTitle "EXT 2006"]
[Source "ChessBase"]
[SourceDate "2005.11.24"]
[SourceVersion "1"]
[SourceVersionDate "2005.11.24"]
[SourceQuality "1"]

1. e4 e5 2. Nf3 Nc6 3. d4 exd4 4. Nxd4 Qh4 5. Nc3 Bc5 6. Be3 Bxd4 7. Bxd4 Nxd4 8. Qxd4 Qf6 9. e5 Qb6 10. Qxb6 axb6 11. Nb5 Kd8 12. Bc4 Nh6 13. 0-0 Re8 14. f4 Re7 15. Rfe1 Nf5 16. g4 Ra4 17. b3 Rxc4 18. bxc4 Nh4 19. Kf2 Ng6 20. Kg3 Nf8 21. f5 1-0

[Event "Nagler Memorial op"]
[Site "Zuerich"]
[Date "1998.08.11"]
[Round "4"]
[White "Papa, Severin"]
[Black "Speck, Hans"]
[Result "1/2-1/2"]
[WhiteElo "1856"]
[BlackElo "2140"]
[PlyCount "95"]
[EventDate "1998.08.08"]
[EventType "swiss"]
[EventRounds "9"]
[EventCountry "SUI"]
[SourceTitle "EXT 2006"]
[Source "ChessBase"]
[SourceDate "2005.11.24"]
[SourceVersion "1"]
[SourceVersionDate "2005.11.24"]
[SourceQuality "1"]

1. d4 d5 2. c4 e6 3. Nc3 f5 4. g3 Nf6 5. Bg2 c6 6. Nh3 Bd6 7. 0-0 0-0 8. Qc2 Qe8 9. Bf4 Bxf4 10. Nxf4 Na6 11. b3 Nb4 12. Qd2 a5 13. a3 Na6 14. Nd3 Nc7 15. f3 b5 16. cxb5 Nxb5 17. Nxb5 cxb5 18. Rfc1 Qd8 19. b4 Qb6 20. Nc5 a4 21. e3 Bd7 22. f4 Rac8 23. Rc3 Rc7 24. Rac1 Rfc8 25. R1c2 Rc6 26. Qc1 Be8 27. Bf1 Ne4 28. Nxe4 fxe4 29. Kf2 Rxc3 30. Rxc3 Rxc3 31. Qxc3 Qc6 32. Qc5 Kf7 33. Bh3 g6 34. Bf1 Qxc5 35. dxc5 Kf6 36. Ke2 Bc6 37. Kd2 e5 38. Kc3 Bd7 39. Be2 h6 40. Bd1 g5 41. fxe5+ Kxe5 42. Bh5 g4 43. Bf7 Bc6 44. Bg8 Bd7 45. Bh7 Bc6 46. Bg6 Kf6 47. Bh5 Kg5 48. Bf7 1/2-1/2